| 000 | 01118nam a22003377a 4500 | ||
|---|---|---|---|
| 001 | 000022505 | ||
| 003 | CHAP | ||
| 005 | 20220329134520.0 | ||
| 008 | 971013s1972 r 00010 d | ||
| 010 | _a21460 | ||
| 011 | _a22432 | ||
| 035 | _a26527 | ||
| 040 | _cCHAP | ||
| 090 | _aFolleto 6535 | ||
| 100 | 0 | 0 |
_aClaverán Alonso, Ramón. _923715 |
| 245 | 0 |
_aSituación de la producción de leche en México : _b: participación del Fondo en su financiamiento. |
|
| 260 |
_aMéxico : _bFondo de Garantía y Fomento para la Agricultura, Ganadería y Avicultura, _c1972. |
||
| 300 | _a40 p. | ||
| 590 |
_aBATCH-UPD _b10 _c20130110 _lUCH01 _h0315 |
||
| 590 |
_aBATCH-UPD _b10 _c20130110 _lUCH01 _h1959 |
||
| 590 |
_aBATCH-UPD _b10 _c20130409 _lUCH01 _h2348 |
||
| 590 |
_aBATCH-UPD _b10 _c20130410 _lUCH01 _h1533 |
||
| 590 |
_aBATCH-UPD _b10 _c20130914 _lUCH01 _h0947 |
||
| 590 |
_aCONVERSION _b10 _c20130109 _lUCH01 _h1313 |
||
| 590 |
_aE11695DGD _b10 _c20150515 _lUCH01 _h1404 |
||
| 650 | 1 | 4 |
_aLeche _xProducción. _965400 |
| 700 | 0 |
_aVázquez Rodríguez, Guillermo. _9120490 |
|
| 901 | _aBK | ||
| 942 | _cFOLL | ||
| 942 | _n0 | ||
| 999 |
_c21460 _d21460 |
||